| 000 | 01435nab a2200217 i 4500 | ||
|---|---|---|---|
| 001 | 768714001 | ||
| 003 | CO-MdFUSB | ||
| 005 | 20240509120619.0 | ||
| 008 | 240508t1967 sp ||||| |||| 00| 0 spa d | ||
| 040 |
_bspa _cCO-MdFUSB _dCO-MdFUSB |
||
| 041 | _aspa | ||
| 100 |
_aOesterreicher, John M., _eautor |
||
| 245 |
_aComentarios del judaísmo sobre la declaración conciliar acerca de los judíos _c/ John M., Oesterreicher |
||
| 520 | _a<<Aquel que bendijo a nuestros padres, Abrahán, Isaac y Jacob, Moisés y Aarón, David y Salomón, a los Profetas de Israel y a todos los justos que en el mundo han sido, bendiga al Papa y derrame bendición y prosperidad sobre todas las obras de sus manos.>>> Tal era la plegaria del sábado que una comunidad judía del sur de Francia recitaba por el Papa en el siglo XV. Fue divulgada y aplicada al Papa Juan por el rabino americano Marc Tanenbaum con motivo de la apertura del Concilio ecuménico. La publicación de esta plegaria significaba tanto un testimonio de afecto hacia el Papa como una expresión de las esperanzas de los judíos. | ||
| 650 | 7 |
_aJudaísmo _96881 |
|
| 650 | 7 |
_aIglesia _9655 |
|
| 653 | _aDerecho canónico | ||
| 773 | 0 |
_049450 _982588 _oR2518 _tRevista internacional de teología Concilium _w(CO-MdFUSB)8 _x0210-1041 _gNúmero 28, (septiembre - octubre, 1967), páginas: 288 - 303 _qpágina: 288 |
|
| 942 | _cANA | ||
| 945 | _aCatherine Arias Alvarez - Practicante SENA | ||
| 999 |
_c69596 _d69596 |
||